| 000 | 00615nam a2200205 i 4500 | ||
|---|---|---|---|
| 001 | 186600 | ||
| 003 | SpMaBN | ||
| 005 | 20250729035309.0 | ||
| 008 | 161205s1973 sp |||| | spa d | ||
| 020 | _a84-400-6041-6 | ||
| 080 | _a087.5:372.3 | ||
| 080 | _a372.3 | ||
| 100 | 1 |
_aRusán, Aurelio _cSeud. de Aurelio Ruiz Sanz. _9161401 |
|
| 245 | 1 | 0 |
_aExtremos que se tocan / _cAurelio Rusán. |
| 260 |
_aMadrid : _b[A. Rusán], _c1973 ( _fImp. Ballesteros) |
||
| 300 |
_a105 p. ; _c21 cm. |
||
| 650 | 7 |
_aCiencias- _xLibros de texto _2 _9162876 |
|
| 852 |
_aES-MaACL _jL-30984 |
||
| 999 |
_c186600 _d186600 |
||